ბათუმის შოთა რუსთაველის სახელმწიფო უნივერსიტეტის ბიბლიოთეკა

ვაჭრობის ეკონომიკისა და საქონელმცოდნეობის ტერმინოლოგია = Терминология экономики торговли и товароведения : (ბიბ.ჩანაწერი № 64140)

000 -ლიდერი
ფიქსირებული სიგრძის საკონტროლო ველი 01970nam a22002297a 4500
003 - საკონტროლო ნომრის იდენტიფიკატორი
საკონტროლო ველი Ge_BSU
005 - ბოლო ოპერაციის თარიღი და დრო
საკონტროლო ველი 20260415172047.0
008 - ფიქსირებული სიგრძის მონაცემთა ელემენტები - ზოგადი ინფორმაცია
ფიქსირებული სიგრძის საკონტროლო ველი 260415s2003 ge ||||| |||| 00| 0 geo d
020 ## - წიგნის საერთაშორისო სტანდარტული ნომერი
International Standard Book Number 9992854510
041 ## - ენის კოდი
Language code of text/sound track or separate title geo
080 ## - უნივერსალური ათობითი კლასიფიკაციის ინდექსი
Universal Decimal Classification number 81'374.26:339=161.1=353.1 ნ-15
100 ## - მთავარი ჩანაწერი - პიროვნების სახელი
Personal name ნადირაშვილი, გ.
9 (RLIN) 27323
245 ## - ცნობა სათაურის შესახებ
Title ვაჭრობის ეკონომიკისა და საქონელმცოდნეობის ტერმინოლოგია = Терминология экономики торговли и товароведения :
Remainder of title რუსულ-ქართული ნაწილი /
Statement of responsibility, etc საქ. მეცნიერებათა აკადემია, არნ. ჩიქობავას სახ. ენათმეცნიერების ინსტიტუტი, ივ. ჯავახიშვილის სახ. თბილისის სახელმწ. უნივერსიტეტი; რედაქტორ-შემდგენლები: გ. ნადირაშვილი და რ. კრიჭინაშვილი.
264 ## - წარმოების, გამოცემის, დისტრიბუციის და სხვა ცნობები
გამოცემის, წარმოების, დისტრიბუციის... ადგილი თბილისი :
გამოცემის, წარმოების, დისტრიბუციის... სახელწოდება განათლება,
გამოცემის, წარმოების, დისტრიბუციის... თარიღი 2003
300 ## - ფიზიკური აღწერა
Extent 385 გვ. ;
Other physical details 21 სმ.
653 ## - INDEX TERM--UNCONTROLLED
Uncontrolled term ვაჭრობის ეკონომიკა
653 ## - INDEX TERM--UNCONTROLLED
Uncontrolled term ლექსიკონები
653 ## - INDEX TERM--UNCONTROLLED
Uncontrolled term საქონელმცოდნეობა
700 ## - ADDED ENTRY--PERSONAL NAME
Personal name კრიჭინაშვილი, რ.
Relator term შემდგენელი, რედაქტორი.
9 (RLIN) 27324
710 ## - ADDED ENTRY--CORPORATE NAME
Corporate name or jurisdiction name as entry element საქ. მეცნიერებათა აკადემია,
Subordinate unit არნ. ჩიქობავას სახ. ენათმეცნიერების ინსტიტუტი. ივ. ჯავახიშვილის სახ. თბილისის სახელმწ. უნივერსიტეტი.
9 (RLIN) 27325
942 ## - ADDED ENTRY ELEMENTS (KOHA)
Source of classification or shelving scheme
Koha item type წიგნი
ეგზემპლარები
ჩამოწერის სტატუსი დაკარგული ეგზემპლარის სტატუსი კლასიფიკაციის წყარო ან თაროზე გაწყობის სქემა დაზიანების სტატუსი არ გაიცემა მუდმივი მდებარეობა (დაცვის ადგილი) ამჟამინდელი ადგილსამყოფელი თაროზე განთავსების ადგილი შეძენის თარიღი ღირებულება, შესყიდვის ნორმალური ფასი სრული შენახვის შიფრი შტრიხკოდი ბოლო ოპერაციის თარიღი ეგზემპლარის მიმდევრობითი ნომერი (კეტერი?) ფასის ძალაში შესვლის თარიღი ეგზემპლარის სახეობა საჯარო შენიშვნა
          ბათუმის შოთა რუსთაველის სახელმწიფო უნივერსიტეტის მთავარი ბიბლიოთეკა ბათუმის შოთა რუსთაველის სახელმწიფო უნივერსიტეტის მთავარი ბიბლიოთეკა წიგნსაცავი 2026-04-15 12.00 81'374.26:339=161.1=353.1 ნ-15 74302 2026-04-15 74302 2026-04-15 წიგნი 12 ლ.